[Event "Irkutsk-ch op"]
[Site "Irkutsk"]
[Date "2016.02.14"]
[Round "2"]
[White "Eliseev, Nikolai"]
[Black "Sorokovikov, Vasily"]
[Result "1-0"]
[WhiteElo "1785"]
[BlackElo "1583"]
[PlyCount "115"]
[EventDate "2016.02.13"]
[EventType "swiss"]
[EventRounds "9"]
[EventCountry "RUS"]
[SourceTitle "EXT 2018"]
[Source "ChessBase"]
[SourceDate "2017.10.13"]
[SourceVersion "1"]
[SourceVersionDate "2017.10.13"]
[SourceQuality "1"]

1. e4 e5 2. Nf3 d6 3. d4 exd4 4. Nxd4 Nf6 5. Nc3 Be7 6. Bf4 a6 7. f3 Nbd7 8. Bc4 0-0 9. Qd2 Ne5 10. Bb3 c5 11. Nde2 b5 12. a4 c4 13. Ba2 Be6 14. Nd4 Qd7 15. Nxe6 fxe6 16. Rd1 Qc6 17. 0-0 Nh5 18. Be3 b4 19. Ne2 Qxa4 20. Ra1 Qd7 21. Bd4 Qb5 22. Be3 Rac8 23. Nd4 Qd7 24. Qe2 Nf6 25. f4 Neg4 26. Bd2 d5 27. e5 Ne4 28. Qxg4 Nxd2 29. Rfd1 c3 30. bxc3 bxc3 31. Qxe6+ Qxe6 32. Nxe6 Rfe8 33. Bxd5 Kh8 34. Rxa6 h6 35. g4 Bc5+ 36. Kg2 Be7 37. Kg3 Nc4 38. Bxc4 Rxc4 39. f5 Re4 40. Rd3 Bb4 41. Rb6 Rc8 42. Rb5 Ba3 43. Kf3 Re1 44. Rd7 Rc1 45. Rbb7 Rg8 46. f6 Rxc2 47. Nxg7 Rxh2 48. Nf5 Rg5 49. Rb8+ Rg8 50. Rxg8+ Kxg8 51. Ne3 c2 52. Nxc2 Rxc2 53. e6 Rc8 54. Ke4 Kf8 55. Kf5 Rc5+ 56. Kg6 Rg5+ 57. Kxh6 Rxg4 58. Rd8# 1-0

[Event "Irkutsk-ch op"]
[Site "Irkutsk"]
[Date "2016.02.13"]
[Round "1"]
[White "Khipkhenov, Igor"]
[Black "Eliseev, Nikolai"]
[Result "1-0"]
[WhiteElo "2072"]
[BlackElo "1785"]
[PlyCount "81"]
[EventDate "2016.02.13"]
[EventType "swiss"]
[EventRounds "9"]
[EventCountry "RUS"]
[SourceTitle "EXT 2018"]
[Source "ChessBase"]
[SourceDate "2017.10.13"]
[SourceVersion "1"]
[SourceVersionDate "2017.10.13"]
[SourceQuality "1"]

1. c4 Nf6 2. Nc3 g6 3. g3 Bg7 4. Bg2 d6 5. Nf3 Nbd7 6. d4 c6 7. 0-0 0-0 8. Qc2 Nb6 9. b3 d5 10. cxd5 cxd5 11. Bf4 Bf5 12. Qd2 Ne4 13. Nxe4 dxe4 14. Ne5 g5 15. Be3 Rc8 16. g4 Be6 17. Bxe4 f6 18. Nd3 Bxg4 19. Bxb7 Rc7 20. Bg2 Qd7 21. Rac1 Rxc1 22. Rxc1 Bh3 23. Bf3 Bg4 24. Bc6 Qf5 25. Rc5 Qg6 26. Nb4 f5 27. f3 f4 28. Bf2 Bh3 29. Nd5 Nxd5 30. Bxd5+ e6 31. Be4 Qf6 32. d5 Rd8 33. Qc1 h6 34. Rc8 exd5 35. Bxd5+ Kh8 36. Rxd8+ Qxd8 37. Qc5 Qf6 38. Qc1 a6 39. Kh1 Qe5 40. Be4 g4 41. Qc8+ 1-0